[Event "3rd 4NCL Easter Congress"]
[Site "Mercure Daventry Court Hotel"]
[Date "2023.04.10"]
[Round "6"]
[Board "16"]
[White "Mehmood, Muhammed"]
[Black "Loyden, Gary"]
[Result "0-1"]
[WhiteElo "1387"]
[BlackElo "1444"]
[PlyCount "82"]
[EventDate "2023.04.07"]
[EventRounds "7"]
[EventCountry "ENG"]

1. d4 d5 2. c4 e6 3. Nc3 Nf6 4. Nf3 c6 5. Bg5 Nbd7 6. e3 Qa5 7. Bxf6 Nxf6 8. Qb3
Ne4 9. cxd5 exd5 10. Bd3 Nxc3 11. Qxc3 Bb4 12. Rc1 Bxc3+ 13. Rxc3 O-O 14. O-O Bg4
15. Ra3 Qd8 16. Ne5 Bh5 17. h3 f6 18. g4 fxe5 19. gxh5 Qg5+ 20. Kh2 Qxh5 21. f4 e4
22. Bc2 Qe2+ 23. Kg1 Qxc2 24. Rb3 Rab8 25. Rf2 Qd1+ 26. Rf1 Qh5 27. Kh2 Rf6 28. Rg1
Rg6 29. Rxg6 Qxg6 30. a4 Qh5 31. a5 a6 32. Rc3 Qe2+ 33. Kg3 Qxb2 34. Rc5 Rf8 35.
h4 Qd2 36. h5 Qxe3+ 37. Kg2 Rxf4 38. Rc2 Qf3+ 39. Kg1 Rg4+ 40. Kh2 Rh4+ 41. Kg1 Rh1#
 0-1

[Event "3rd 4NCL Easter Congress"]
[Site "Mercure Daventry Court Hotel"]
[Date "2023.04.10"]
[Round "6"]
[Board "17"]
[White "Borissow, Alastair"]
[Black "Spirling, Florence"]
[Result "0-1"]
[WhiteElo "1346"]
[BlackElo "1114"]
[PlyCount "90"]
[EventDate "2023.04.07"]
[EventRounds "7"]
[EventCountry "ENG"]

1. Nf3 d5 2. g3 Nf6 3. Bg2 Bg4 4. d4 Bxf3 5. Bxf3 c6 6. Nd2 Qb6 7. e3 Nbd7 8. O-O
e6 9. c4 g6 10. Rb1 Bg7 11. b4 Qc7 12. Ba3 a6 13. Qb3 b5 14. cxb5 cxb5 15. Rfc1 Qb7
16. Qc2 O-O 17. e4 Rac8 18. Qd3 Nb6 19. Rc3 Rxc3 20. Qxc3 dxe4 21. Nxe4 Nxe4 22.
Qe3 f5 23. Bc1 Nc4 24. Qd3 Rd8 25. Be3 Nxe3 26. fxe3 Rc8 27. Qb3 Kf7 28. Rd1 Qd5
29. Qb1 Bh6 30. Re1 Rc3 31. Kg2 Rxe3 32. Rxe3 Bxe3 33. Qc2 Qc4 34. Bxe4 fxe4 35.
Qxe4 Qd5 36. Kf3 Bxd4 37. Qxd5 exd5 38. Ke2 Bc3 39. a3 Bb2 40. Kd3 Bxa3 41. Kd4 Bxb4
42. Kxd5 a5 43. Kc6 a4 44. Kxb5 a3 45. Kxb4 a2  0-1

[Event "3rd 4NCL Easter Congress"]
[Site "Mercure Daventry Court Hotel"]
[Date "2023.04.10"]
[Round "6"]
[Board "18"]
[White "Kathuria, Dhruv"]
[Black "Gunarathne, Miheli"]
[Result "1-0"]
[WhiteElo "1456"]
[BlackElo "873"]
[PlyCount "61"]
[EventDate "2023.04.07"]
[EventRounds "7"]
[EventCountry "ENG"]

1. e4 d5 2. exd5 Nf6 3. d4 Nxd5 4. c4 Nf6 5. g3 c5 6. d5 e6 7. Bg2 b5 8. dxe6 Qxd1+
9. Kxd1 fxe6 10. Bxa8 Be7 11. cxb5 O-O 12. Bg2 Ng4 13. Nh3 Nxf2+ 14. Nxf2 Rxf2 15.
Rg1 c4 16. Bf4 Nd7 17. Nd2 Bc5 18. Ne4 Rxb2 19. Nxc5 Nxc5 20. Bd6 Nd3 21. Rf1 h6
22. Rf8+ Kh7 23. Be4+ g6 24. Bxd3 h5 25. Rf7+ Kg8 26. Rf8+ Kg7 27. Rxc8 Rxh2 28.
Bxc4 Rh1+ 29. Kd2 Rxa1 30. Be5+ Kh7 31. Rh8#  1-0

[Event "3rd 4NCL Easter Congress"]
[Site "Mercure Daventry Court Hotel"]
[Date "2023.04.10"]
[Round "6"]
[Board "19"]
[White "Collins, Nigel"]
[Black "Liu, Murray"]
[Result "1-0"]
[WhiteElo "1454"]
[BlackElo "1166"]
[PlyCount "103"]
[EventDate "2023.04.07"]
[EventRounds "7"]
[EventCountry "ENG"]

1. c4 Nf6 2. Nc3 e5 3. g3 Bb4 4. Bg2 O-O 5. e4 d6 6. Nge2 Bxc3 7. bxc3 Nc6 8. O-O
Be6 9. d3 Re8 10. h3 Qd7 11. Kh2 Rad8 12. f4 exf4 13. Nxf4 Ne5 14. Nd5 Bxd5 15. cxd5
c6 16. Bg5 Qe7 17. Bxf6 gxf6 18. d4 Ng6 19. c4 cxd5 20. cxd5 Rc8 21. Qf3 Kg7 22.
Rf2 Rc4 23. Raf1 Rxd4 24. Qxf6+ Qxf6 25. Rxf6 Rd2 26. Rxf7+ Kh6 27. R1f2 Rxf2 28.
Rxf2 Re7 29. h4 Ne5 30. Rf6+ Kh5 31. Rf5+ Kh6 32. Bh3 Ng6 33. Bg2 Ne5 34. Rf6+ Kh5
35. Rxd6 Rd7 36. Rxd7 Nxd7 37. Kh3 b5 38. g4+ Kg6 39. Kg3 a5 40. Bf1 b4 41. Bc4 h6
42. Kf4 Kf6 43. g5+ hxg5+ 44. hxg5+ Kg6 45. e5 Nc5 46. d6 a4 47. e6 a3 48. d7 b3
49. Bxb3 Nxb3 50. d8=Q Nc5 51. Qf6+ Kh7 52. g6+  1-0

[Event "3rd 4NCL Easter Congress"]
[Site "Mercure Daventry Court Hotel"]
[Date "2023.04.10"]
[Round "6"]
[Board "20"]
[White "Bangalore Kumar, Rohith"]
[Black "Scorer, David M"]
[Result "1/2-1/2"]
[WhiteElo "1228"]
[BlackElo "1269"]
[PlyCount "56"]
[EventDate "2023.04.07"]
[EventRounds "7"]
[EventCountry "ENG"]

1. e4 c6 2. Nf3 d5 3. Nc3 dxe4 4. Nxe4 Bg4 5. h3 Bxf3 6. Qxf3 Nd7 7. Qe3 e6 8. d4
Ngf6 9. Bd3 Nxe4 10. Bxe4 Nf6 11. Bf3 Be7 12. O-O O-O 13. Bd2 Qc7 14. g3 Rad8 15.
Rad1 Rfe8 16. Rfe1 Nd5 17. Bxd5 Rxd5 18. c4 Rdd8 19. Bc3 h6 20. Rd3 Bf6 21. Red1
a6 22. d5 Bxc3 23. bxc3 cxd5 24. cxd5 exd5 25. Qf3 Re7 26. Rxd5 Red7 27. Rxd7 Rxd7
28. Rxd7 Qxd7  1/2-1/2

[Event "3rd 4NCL Easter Congress"]
[Site "Mercure Daventry Court Hotel"]
[Date "2023.04.10"]
[Round "6"]
[Board "22"]
[White "Walker, Heather Enid"]
[Black "Fisher, Neal"]
[Result "0-1"]
[WhiteElo "1273"]
[BlackElo "1519"]
[PlyCount "46"]
[EventDate "2023.04.07"]
[EventRounds "7"]
[EventCountry "ENG"]

1. e4 e5 2. Nf3 Bc5 3. Bc4 Nf6 4. d4 exd4 5. e5 d5 6. exd6 Qxd6 7. O-O O-O 8. Re1
Nc6 9. Nbd2 Bg4 10. b3 Rfe8 11. Rxe8+ Rxe8 12. Bb2 Bh5 13. a3 a5 14. Qf1 Ne5 15.
Nxe5 Qxe5 16. h3 Bd6 17. g3 c5 18. Rc1 Qg5 19. Qd3 Bg6 20. Nf3 Qh5 21. Qf1 Qxf3 22.
c3 Be4 23. Qg2 Qxg2#  0-1

[Event "3rd 4NCL Easter Congress"]
[Site "Mercure Daventry Court Hotel"]
[Date "2023.04.10"]
[Round "7"]
[Board "2"]
[White "Reghu, Jyothika Ullukaranparambil"]
[Black "Neil, Graham"]
[Result "1-0"]
[WhiteElo "1400"]
[BlackElo "1578"]
[PlyCount "39"]
[EventDate "2023.04.07"]
[EventRounds "7"]
[EventCountry "ENG"]

1. e4 g6 2. d4 Bg7 3. Be3 d6 4. Nc3 c6 5. f4 Nd7 6. e5 Qc7 7. Nf3 e6 8. Qd2 Nb6 9.
Bd3 Ne7 10. Ne4 dxe5 11. fxe5 Nf5 12. Bf4 h5 13. h3 Nd5 14. Bg5 Bf8 15. a3 Qb6 16.
c4 Nde7 17. Nf6+ Kd8 18. Bxf5 exf5 19. d5 c5 20. d6  1-0

[Event "3rd 4NCL Easter Congress"]
[Site "Mercure Daventry Court Hotel"]
[Date "2023.04.10"]
[Round "7"]
[Board "3"]
[White "Gibbs, John"]
[Black "Jerome, Stellio"]
[Result "1-0"]
[WhiteElo "1636"]
[BlackElo "1512"]
[PlyCount "81"]
[EventDate "2023.04.07"]
[EventRounds "7"]
[EventCountry "ENG"]

1. e4 g5 2. d4 h6 3. c3 Bg7 4. Bd3 d5 5. e5 c5 6. Ne2 Nc6 7. Be3 Qb6 8. b3 cxd4 9.
cxd4 Bd7 10. O-O e6 11. Nd2 Nb4 12. Bb1 Bb5 13. Nf3 Qa6 14. Re1 Nd3 15. Bxd3 Bxd3
16. Ng3 Bg6 17. Qd2 Ne7 18. Rec1 Nf5 19. Nxf5 Bxf5 20. Rc7 O-O 21. Rac1 Rfd8 22.
a4 Bf8 23. Bxg5 hxg5 24. Qxg5+ Bg6 25. Nh4 Qd3 26. Rxf7 Kxf7 27. Qf6+ Kg8 28. Nxg6
Bg7 29. Ne7+ Kh7 30. Qh4+ Bh6 31. g4 Qd2 32. Rc7 Qg5 33. Nf5+ Kh8 34. Qxh6+ Qxh6
35. Nxh6 Rdc8 36. Rxb7 Rc6 37. g5 Rb6 38. Re7 Rab8 39. g6 R6b7 40. g7+ Kh7 41. g8=Q+
 1-0

[Event "3rd 4NCL Easter Congress"]
[Site "Mercure Daventry Court Hotel"]
[Date "2023.04.10"]
[Round "7"]
[Board "4"]
[White "Whittington, Reece W"]
[Black "Craddock-Monroe, Harvey"]
[Result "1-0"]
[WhiteElo "1589"]
[BlackElo "1545"]
[PlyCount "55"]
[EventDate "2023.04.07"]
[EventRounds "7"]
[EventCountry "ENG"]

1. d4 d6 2. c4 e5 3. d5 f5 4. Nc3 Be7 5. e4 f4 6. Nf3 Nh6 7. Bd2 O-O 8. Qc2 c6 9.
Bd3 Na6 10. Na4 Bd7 11. b4 Rc8 12. c5 b5 13. cxb6 cxd5 14. Qb3 Bxa4 15. Qxa4 Qxb6
16. Bxa6 Rc6 17. exd5 Rc7 18. Bd3 Ng4 19. O-O Ne3 20. Rfe1 Nxd5 21. Qb3 Kh8 22. Qxd5
Bf6 23. Be4 g5 24. Rec1 Rfc8 25. Rxc7 Rxc7 26. Rc1 Rxc1+ 27. Bxc1 g4 28. Qf7  1-0

[Event "3rd 4NCL Easter Congress"]
[Site "Mercure Daventry Court Hotel"]
[Date "2023.04.10"]
[Round "7"]
[Board "5"]
[White "Veeturi, Yashvardhan"]
[Black "De Block, Gert"]
[Result "0-1"]
[WhiteElo "1183"]
[BlackElo "1600"]
[PlyCount "98"]
[EventDate "2023.04.07"]
[EventRounds "7"]
[EventCountry "ENG"]

1. e4 e6 2. d4 d5 3. e5 c5 4. c3 Nc6 5. Nf3 Qb6 6. a3 a5 7. Bd3 Nh6 8. Bxh6 Qxb2
9. Bxg7 Bxg7 10. Nbd2 Qxc3 11. Be2 Nxd4 12. O-O Nxe2+ 13. Qxe2 a4 14. Qb5+ Ke7 15.
Qb6 Ra6 16. Qc7+ Bd7 17. Qxb7 Rha8 18. Qb1 Bxe5 19. Qxh7 Rh8 20. Qb1 Qb2 21. Nxe5
Qxe5 22. Nf3 Qc7 23. Qc1 f6 24. h3 e5 25. Qd2 d4 26. Rfe1 Rh5 27. Rac1 Rc6 28. Qe2
Rh8 29. Qe4 Be6 30. Qc2 Bb3 31. Qe4 Qd6 32. Re2 Bd5 33. Qg6 Rg8 34. Qh7+ Kd8 35.
Rb1 Qc7 36. Qf5 Rb6 37. Reb2 Rxb2 38. Qxf6+ Qe7 39. Qxe7+ Kxe7 40. Rxb2 Bxf3 41.
g4 Kd6 42. Kf1 Rh8 43. Rb6+ Kd5 44. g5 Rxh3 45. Ke1 Rh1+ 46. Kd2 Rg1 47. g6 Be4 48.
Ra6 Rxg6 49. Rxa4 Rb6  0-1

[Event "3rd 4NCL Easter Congress"]
[Site "Mercure Daventry Court Hotel"]
[Date "2023.04.10"]
[Round "7"]
[Board "6"]
[White "Fraser, Chris A"]
[Black "Gilbert, David J"]
[Result "1-0"]
[WhiteElo "1393"]
[BlackElo "1552"]
[PlyCount "63"]
[EventDate "2023.04.07"]
[EventRounds "7"]
[EventCountry "ENG"]

1. e4 d5 2. exd5 Qxd5 3. Nf3 Nf6 4. d4 Bg4 5. Be2 c6 6. c4 Qa5+ 7. Nc3 e6 8. O-O
Qc7 9. Ne5 Bxe2 10. Qxe2 Nbd7 11. Nxd7 Qxd7 12. Be3 Bd6 13. c5 Bxh2+ 14. Kxh2 O-O-O
15. Kg1 h5 16. Rfd1 Qc7 17. Qf3 Nd5 18. Nxd5 Rxd5 19. Bf4 Qd7 20. Bd6 h4 21. Kf1
h3 22. gxh3 Rf8 23. Qa3 a6 24. Qb3 Qd8 25. Rd3 Qf6 26. Qc2 Rh5 27. Be5 Qg6 28. Qc3
f6 29. Rg3 Qe4 30. Re1 Qh1+ 31. Rg1 Rg5 32. Rxh1  1-0

[Event "3rd 4NCL Easter Congress"]
[Site "Mercure Daventry Court Hotel"]
[Date "2023.04.10"]
[Round "7"]
[Board "7"]
[White "Dong, Ethan"]
[Black "Buckell, David J"]
[Result "1-0"]
[WhiteElo "1500"]
[BlackElo "1504"]
[PlyCount "117"]
[EventDate "2023.04.07"]
[EventRounds "7"]
[EventCountry "ENG"]

1. d4 d5 2. Nf3 Nf6 3. g3 c5 4. c3 e6 5. b3 Nc6 6. Bb2 Be7 7. Bg2 cxd4 8. Nxd4 O-O
9. O-O Bd7 10. Nd2 Nxd4 11. cxd4 Rc8 12. Rc1 Qa5 13. a4 Rxc1 14. Qxc1 Rc8 15. Qd1
b5 16. axb5 Bxb5 17. Nf3 Qa6 18. Re1 Bb4 19. Nd2 h6 20. e3 Bd3 21. Bf1 Bxf1 22. Rxf1
Qd3 23. Nb1 Qf5 24. Ba3 Bf8 25. Bxf8 Kxf8 26. Na3 a6 27. Kg2 Ne4 28. Qe2 Rc6 29.
Nb1 Nd6 30. Na3 Ne4 31. Qd3 Nd6 32. Qxf5 Nxf5 33. Ra1 Nd6 34. Nb1 Ke7 35. Nd2 Kd7
36. Nf3 f6 37. Ne1 Nb7 38. Nd3 Rb6 39. b4 Kc7 40. Rc1+ Kb8 41. Kf1 a5 42. bxa5 Nxa5
43. Nc5 Rc6 44. Rb1+ Kc7 45. Ra1 Kb6 46. h4 e5 47. Rb1+ Ka7 48. Rb5 Nc4 49. Rb7+
Ka8 50. Rxg7 exd4 51. exd4 Rb6 52. Rg6 Rb2 53. Rxh6 Nd2+ 54. Kg2 Rb4 55. Rxf6 Rxd4
56. h5 Rc4 57. Ne6 Ne4 58. Rf8+ Kb7 59. h6  1-0

[Event "3rd 4NCL Easter Congress"]
[Site "Mercure Daventry Court Hotel"]
[Date "2023.04.10"]
[Round "7"]
[Board "8"]
[White "D'Agnese, Mattiangelo"]
[Black "Duffell, Andrew"]
[Result "0-1"]
[WhiteElo "1402"]
[BlackElo "1383"]
[PlyCount "94"]
[EventDate "2023.04.07"]
[EventRounds "7"]
[EventCountry "ENG"]

1. e4 c5 2. c3 e6 3. d4 d5 4. e5 cxd4 5. cxd4 Nc6 6. Nf3 Bb4+ 7. Nc3 f6 8. a3 Ba5
9. b4 Bb6 10. Nb5 Bc7 11. Nxc7+ Qxc7 12. Bb2 fxe5 13. Rc1 Qe7 14. dxe5 Nh6 15. Bd3
O-O 16. O-O Bd7 17. Re1 Rf4 18. g3 Rf7 19. Nd4 Raf8 20. Nxc6 Bxc6 21. Bd4 Qd7 22.
Bc5 Ba4 23. Qh5 Rc8 24. Be3 Rcf8 25. Bxa7 Rf3 26. Be3 d4 27. Be4 dxe3 28. Bxf3 exf2+
29. Kxf2 Bc6 30. Red1 Qe7 31. Rd6 Bxf3 32. Qh4 Bd5+ 33. Kg1 Qxh4 34. gxh4 Nf7 35.
Rxd5 exd5 36. e6 Ne5 37. Kg2 Re8 38. Rd1 Ng6 39. Kg3 Rxe6 40. Rxd5 Re3+ 41. Kg4 Rxa3
42. Rb5 Rb3 43. Rxb7 Ne5+ 44. Kf5 Nc6 45. Ke6 Nd8+ 46. Kd6 Nxb7+ 47. Kc6 Rxb4  0-1

[Event "3rd 4NCL Easter Congress"]
[Site "Mercure Daventry Court Hotel"]
[Date "2023.04.10"]
[Round "7"]
[Board "9"]
[White "Shivakumar, Akshath"]
[Black "Wright, Benjamin"]
[Result "0-1"]
[WhiteElo "1408"]
[BlackElo "1586"]
[PlyCount "108"]
[EventDate "2023.04.07"]
[EventRounds "7"]
[EventCountry "ENG"]

1. d4 d5 2. c4 c6 3. Nf3 Nf6 4. g3 Bf5 5. Bg2 Nbd7 6. O-O e6 7. Nbd2 Be7 8. b3 b5
9. Nh4 Bg6 10. Nxg6 hxg6 11. Qc2 Rc8 12. Bb2 Ng4 13. h3 Nh6 14. Rac1 Nb6 15. Bc3
Nf5 16. e3 Qc7 17. Ba5 Qb8 18. Bxb6 axb6 19. cxb5 Nxg3 20. fxg3 Qxg3 21. Nf3 c5 22.
Qf2 Rxh3 23. Qxg3 Rxg3 24. Rc3 Bf6 25. a4 Ra8 26. Kh2 Rg4 27. Kh3 cxd4 28. Kxg4 dxc3
29. Rc1 Rc8 30. Rc2 Ke7 31. Kg3 Kd6 32. Kf2 Kc5 33. Ng5 Kb4 34. Nxf7 Kxb3 35. Nd6
Kxc2 36. Nxc8 Kb2 37. Nxb6 c2 38. a5 c1=Q 39. a6 Qd2+ 40. Kf3 Qa5 41. Nc8 Qxb5 42.
a7 Qb7 43. Ke2 Qxc8 44. e4 Qa6+ 45. Kf3 dxe4+ 46. Kxe4 Qb7+ 47. Ke3 Qxg2 48. a8=Q
Qxa8 49. Ke2 Qe4+ 50. Kf2 Bh4+ 51. Kg1 Qc2 52. Kh1 Bg3 53. Kg1 e5 54. Kh1 Qh2#  0-1

[Event "3rd 4NCL Easter Congress"]
[Site "Mercure Daventry Court Hotel"]
[Date "2023.04.10"]
[Round "7"]
[Board "10"]
[White "Spirling, Florence"]
[Black "Homer, Neil S"]
[Result "1-0"]
[WhiteElo "1114"]
[BlackElo "1574"]
[PlyCount "97"]
[EventDate "2023.04.07"]
[EventRounds "7"]
[EventCountry "ENG"]

1. d4 d5 2. c4 e6 3. Nc3 c5 4. e3 Nf6 5. Nf3 Nc6 6. cxd5 exd5 7. dxc5 Bxc5 8. Bb5
O-O 9. O-O Bg4 10. h3 Bh5 11. Be2 a6 12. a3 Ba7 13. b4 Bb8 14. Bb2 Qd6 15. g3 b5
16. Nd4 Bxe2 17. Ncxe2 Nxd4 18. Bxd4 Ba7 19. Rc1 Bxd4 20. Qxd4 Rac8 21. Kg2 Rfd8
22. Rfd1 Rc6 23. Rxc6 Qxc6 24. Rc1 Qd7 25. Nf4 Ne4 26. Rd1 Nf6 27. Qb6 Qd6 28. Qxd6
Rxd6 29. g4 g5 30. Ne2 Rc6 31. Rc1 Rc4 32. f3 Kf8 33. Kf2 Ke7 34. Ke1 Nd7 35. Rxc4
dxc4 36. f4 h6 37. Nc3 Nb6 38. Ke2 f6 39. f5 Na4 40. Nxa4 bxa4 41. Kd2 Kd6 42. Kc3
Kd5 43. e4+ Kxe4 44. Kxc4 Ke3 45. b5 axb5+ 46. Kxb5 Kd4 47. Kxa4 Kc4 48. Ka5 Kc5
49. a4  1-0

[Event "3rd 4NCL Easter Congress"]
[Site "Mercure Daventry Court Hotel"]
[Date "2023.04.10"]
[Round "7"]
[Board "11"]
[White "Sahoo, Shivam"]
[Black "Morris, Nigel W"]
[Result "1/2-1/2"]
[WhiteElo "1377"]
[BlackElo "1366"]
[PlyCount "92"]
[EventDate "2023.04.07"]
[EventRounds "7"]
[EventCountry "ENG"]

1. Nf3 g6 2. d4 Bg7 3. c4 Nf6 4. Nc3 c5 5. d5 d6 6. g3 e6 7. e4 e5 8. Bg2 Bg4 9.
Qb3 Bxf3 10. Bxf3 Qc7 11. Nb5 Qd7 12. Qa4 O-O 13. Qc2 a6 14. Nc3 Ne8 15. Be3 Qh3
16. Rg1 Qd7 17. h4 h6 18. Qd2 Kh7 19. O-O-O b5 20. Be2 b4 21. Nb1 Qa4 22. b3 Qd7
23. g4 a5 24. a4 bxa3 25. Nxa3 a4 26. Qb2 axb3 27. Qxb3 Na6 28. Nb5 Nec7 29. Rd3
Nb4 30. Nc3 Rfb8 31. Nb5 Ra2 32. Kd1 Nxb5 33. cxb5 Ra3 34. Qb2 Rba8 35. Bc1 f5 36.
gxf5 gxf5 37. exf5 Qxf5 38. Qd2 Ra2 39. Rxg7+ Kxg7 40. Qxh6+ Kg8 41. Bg5 Rxe2 42.
Kxe2 Ra2+ 43. Rd2 Rxd2+ 44. Bxd2 Qd3+ 45. Ke1 Qb1+ 46. Ke2 Qd3+  1/2-1/2

[Event "3rd 4NCL Easter Congress"]
[Site "Mercure Daventry Court Hotel"]
[Date "2023.04.10"]
[Round "7"]
[Board "12"]
[White "Collins, Nigel"]
[Black "Smith, Adam"]
[Result "1/2-1/2"]
[WhiteElo "1454"]
[BlackElo "1598"]
[PlyCount "64"]
[EventDate "2023.04.07"]
[EventRounds "7"]
[EventCountry "ENG"]

1. c4 Nf6 2. Nc3 c6 3. e4 e5 4. Nf3 Bd6 5. Be2 O-O 6. O-O Na6 7. d3 Nc5 8. b4 Ne6
9. c5 Bc7 10. Re1 b6 11. Na4 d6 12. Ba3 d5 13. Qc2 b5 14. Nc3 d4 15. Nb1 Nf4 16.
Nbd2 Bg4 17. Nf1 N6h5 18. Bc1 Qf6 19. Bxf4 exf4 20. Qb2 Bxf3 21. Bxf3 Qg5 22. Nd2
Be5 23. Bxh5 Qxh5 24. Nf3 Rfe8 25. Nxe5 Rxe5 26. Qe2 Qxe2 27. Rxe2 Rae8 28. f3 f5
29. Rae1 g5 30. Kf2 fxe4 31. Rxe4 Rxe4 32. Rxe4 Rxe4  1/2-1/2

[Event "3rd 4NCL Easter Congress"]
[Site "Mercure Daventry Court Hotel"]
[Date "2023.04.10"]
[Round "7"]
[Board "13"]
[White "Loyden, Gary"]
[Black "Kathuria, Dhruv"]
[Result "1/2-1/2"]
[WhiteElo "1444"]
[BlackElo "1456"]
[PlyCount "84"]
[EventDate "2023.04.07"]
[EventRounds "7"]
[EventCountry "ENG"]

1. e4 c5 2. d4 cxd4 3. c3 dxc3 4. Nxc3 a6 5. Bc4 e6 6. Nf3 Nc6 7. O-O d6 8. Qe2 Nf6
9. Rd1 Qc7 10. Bf4 Be7 11. Rac1 O-O 12. Bb3 Bd7 13. Nd5 exd5 14. exd5 Nxd5 15. Bxd5
Rfe8 16. Qc4 Rf8 17. Nd4 Rac8 18. Qe2 Rfe8 19. Qd2 Qb6 20. Nxc6 Bxc6 21. Be3 Qd8
22. Bxc6 bxc6 23. Qd3 Qa5 24. a3 Qb5 25. Qc3 Bf6 26. Bd4 Bxd4 27. Qxd4 Red8 28. Rc2
g6 29. Qf6 d5 30. Rdc1 Re8 31. g3 Re6 32. Qf3 Rd6 33. Re1 d4 34. Re7 Qd5 35. Qxd5
Rxd5 36. b4 Kf8 37. Ra7 Re8 38. Kf1 Rde5 39. Rd2 Re1+ 40. Kg2 Rd8 41. Rxa6 d3 42.
Rxc6 Re2  1/2-1/2

[Event "3rd 4NCL Easter Congress"]
[Site "Mercure Daventry Court Hotel"]
[Date "2023.04.10"]
[Round "7"]
[Board "14"]
[White "Joseph, Tomy"]
[Black "Tomy, Jake"]
[Result "0-1"]
[WhiteElo "1506"]
[BlackElo "1306"]
[PlyCount "84"]
[EventDate "2023.04.07"]
[EventRounds "7"]
[EventCountry "ENG"]

1. e4 e5 2. Nf3 Nc6 3. d4 exd4 4. Nxd4 Nf6 5. Nxc6 bxc6 6. e5 Qe7 7. Qe2 Nd5 8. c4
Ba6 9. b3 g6 10. g3 Bg7 11. Bb2 d6 12. f4 dxe5 13. Bg2 O-O 14. O-O Rfe8 15. Bxe5
Bxe5 16. Qxe5 Qxe5 17. fxe5 Rxe5 18. cxd5 Bxf1 19. Kxf1 cxd5 20. Nc3 c6 21. Rd1 Rae8
22. Kf2 Re3 23. Nxd5 cxd5 24. Bxd5 Re2+ 25. Kg1 Rxa2 26. Bc4 Ra5 27. Rd7 Rf8 28.
Rb7 h5 29. Kg2 Kg7 30. Kh3 g5 31. Rc7 Kg6 32. Rc6+ f6 33. Bd3+ Kg7 34. Rc7+ Rf7 35.
Rc6 Ra2 36. Bc2 Re7 37. Rc3 Re2 38. Rc7+ Kf8 39. Rc8+ Ke7 40. Rc7+ Kd8 41. Rc3 Rexc2
42. Rxc2 Rxc2  0-1

[Event "3rd 4NCL Easter Congress"]
[Site "Mercure Daventry Court Hotel"]
[Date "2023.04.10"]
[Round "7"]
[Board "16"]
[White "Dhingra, Kanvansh"]
[Black "Fisher, Neal"]
[Result "1/2-1/2"]
[WhiteElo "1420"]
[BlackElo "1519"]
[PlyCount "146"]
[EventDate "2023.04.07"]
[EventRounds "7"]
[EventCountry "ENG"]

1. e4 e5 2. Nf3 Nc6 3. Bc4 Bc5 4. c3 Nf6 5. d4 exd4 6. cxd4 Bb4+ 7. Nc3 h6 8. O-O
O-O 9. e5 Nh7 10. d5 Ne7 11. d6 cxd6 12. exd6 Nf5 13. Bf4 Bxc3 14. bxc3 Nh4 15. Re1
Ng6 16. Bg3 b6 17. h4 Nf6 18. Ne5 Nxe5 19. Rxe5 Bb7 20. Bb3 Re8 21. Qd4 Qc8 22. Rae1
Rxe5 23. Rxe5 Qc6 24. f3 Rc8 25. c4 Rf8 26. c5 bxc5 27. Rxc5 Qb6 28. Rc4 Qxd4+ 29.
Rxd4 Bc6 30. Kf2 Re8 31. Rb4 a5 32. Rf4 Ra8 33. Ba4 Bd5 34. Bb3 Bxb3 35. axb3 Rb8
36. Ra4 Rb5 37. Bf4 Ne8 38. Ra3 f6 39. Bd2 Nxd6 40. Bxa5 Kf7 41. b4 Ke6 42. Rc3 Nb7
43. Re3+ Re5 44. Rxe5+ Kxe5 45. Bc7+ Kd5 46. b5 Kc5 47. b6 Kc6 48. Ke3 Nd6 49. Kf4
g6 50. g4 Nc4 51. Bd8 Nxb6 52. Bxf6 Nd5+ 53. Ke5 Nxf6 54. Kxf6 d5 55. Ke5 Kc5 56.
Kf4 Kd4 57. g5 h5 58. Kg3 Ke3 59. f4 d4 60. f5 d3 61. fxg6 d2 62. g7 d1=Q 63. g8=Q
Qg4+ 64. Kh2 Qxh4+ 65. Kg2 Qg4+ 66. Kh2 Qe2+ 67. Kh3 Qf1+ 68. Kg3 Qg1+ 69. Kh3 Qh1+
70. Kg3 h4+ 71. Kg4 Qe4+ 72. Kh3 Qh1+ 73. Kg4 Qe4+  1/2-1/2

[Event "3rd 4NCL Easter Congress"]
[Site "Mercure Daventry Court Hotel"]
[Date "2023.04.10"]
[Round "7"]
[Board "17"]
[White "Wallman, James"]
[Black "Mehmood, Muhammed"]
[Result "1-0"]
[WhiteElo "1517"]
[BlackElo "1387"]
[PlyCount "131"]
[EventDate "2023.04.07"]
[EventRounds "7"]
[EventCountry "ENG"]

1. e4 d6 2. d4 Nf6 3. Nc3 g6 4. Nf3 Bg7 5. Be3 c6 6. Bc4 b5 7. Bd3 Nbd7 8. a3 Bb7
9. O-O O-O 10. h3 e5 11. dxe5 Nxe5 12. Qe2 Nxd3 13. cxd3 Re8 14. Rad1 Qc7 15. Nh2
d5 16. f3 Red8 17. Bf2 a6 18. Rc1 d4 19. Na2 Nh5 20. Qe1 Be5 21. Ng4 Bf4 22. Rc2
Bc8 23. g3 Bxg4 24. hxg4 Nxg3 25. Bxg3 Bxg3 26. Qe2 f5 27. Qg2 fxg4 28. fxg4 Bh4
29. Nb4 Qg3 30. Qxg3 Bxg3 31. Nxc6 Rd6 32. Nb4 a5 33. Nd5 Kg7 34. Rc7+ Kh6 35. Rff7
Rxd5 36. exd5 Bxc7 37. Rxc7 Rd8 38. Rc5 Kg5 39. Rxb5 Kxg4 40. Rxa5 h5 41. Rc5 h4
42. b4 Kg3 43. Rc2 h3 44. b5 Rxd5 45. a4 Re5 46. Rc1 Re7 47. b6 g5 48. Rb1 Re2 49.
b7 Kf3 50. b8=Q Rg2+ 51. Kh1 Ke2 52. Qe5+ Kxd3 53. Qf5+ Kd2 54. Qxh3 Re2 55. Rb2+
Ke1 56. Rxe2+ Kxe2 57. Qg4+ Kf2 58. Qxg5 d3 59. Qd2+ Kf1 60. Qxd3+ Ke1 61. a5 Kf2
62. a6 Ke1 63. a7 Kf2 64. a8=Q Ke1 65. Qae4+ Kf2 66. Qdf3#  1-0

[Event "3rd 4NCL Easter Congress"]
[Site "Mercure Daventry Court Hotel"]
[Date "2023.04.10"]
[Round "7"]
[Board "18"]
[White "Goldsmith, Jennifer"]
[Black "Borissow, Alastair"]
[Result "1/2-1/2"]
[WhiteElo "1281"]
[BlackElo "1346"]
[PlyCount "129"]
[EventDate "2023.04.07"]
[EventRounds "7"]
[EventCountry "ENG"]

1. c4 c6 2. Nc3 d5 3. cxd5 cxd5 4. g3 Bf5 5. e3 Nf6 6. Bg2 e6 7. Nge2 Be7 8. O-O
O-O 9. a3 Nbd7 10. b4 Ne4 11. d3 Nxc3 12. Nxc3 Bf6 13. Bb2 Rc8 14. Rc1 Ne5 15. e4
dxe4 16. dxe4 Bg6 17. Qb3 Qd2 18. Rfd1 Qh6 19. h3 Bh5 20. Rf1 Nf3+ 21. Bxf3 Bxf3
22. Kh2 g5 23. Nd5 exd5 24. Qxf3 Bxb2 25. Rce1 dxe4 26. Rxe4 Qd6 27. Qf5 Qg6 28.
Qf3 Rce8 29. Rc4 Re7 30. h4 Qe6 31. Rg4 Bg7 32. Rxg5 Qe2 33. Qg2 Rfe8 34. Rb1 Re5
35. Rxe5 Qxe5 36. Qxb7 Qe4 37. Qxe4 Rxe4 38. Rd1 Re2 39. Rd8+ Bf8 40. Kg2 Ra2 41.
Rd3 Bh6 42. Rf3 Bc1 43. a4 Rxa4 44. Rc3 Bd2 45. Rc8+ Kg7 46. b5 Ba5 47. Ra8 Bb6 48.
f3 Ra5 49. Re8 Rxb5 50. Re4 a5 51. Rc4 Rb4 52. Rc3 a4 53. Ra3 Bc5 54. Ra2 Rd4 55.
Kh3 a3 56. Kg2 Bb4 57. Kh3 Rd1 58. Kg4 Rb1 59. h5 Kf6 60. f4 Rb3 61. Kh4 Be1 62.
Kh3 Rxg3+ 63. Kh2 Kf5 64. Ra1 Bb4 65. Kxg3  1/2-1/2

[Event "3rd 4NCL Easter Congress"]
[Site "Mercure Daventry Court Hotel"]
[Date "2023.04.10"]
[Round "7"]
[Board "19"]
[White "Scorer, David M"]
[Black "Liu, Murray"]
[Result "1-0"]
[WhiteElo "1269"]
[BlackElo "1166"]
[PlyCount "139"]
[EventDate "2023.04.07"]
[EventRounds "7"]
[EventCountry "ENG"]

1. d4 Nf6 2. Nf3 b6 3. Bf4 Bb7 4. e3 e6 5. Bd3 d5 6. Nbd2 c5 7. c3 c4 8. Bc2 Nc6
9. O-O Bd6 10. Ne5 O-O 11. Nxc6 Bxc6 12. Bg3 Re8 13. Nf3 Bb7 14. Bh4 Be7 15. Ne5
Ne4 16. Bxe7 Qxe7 17. Qe2 Red8 18. Ba4 Rf8 19. Nc6 Bxc6 20. Bxc6 Rab8 21. Ba4 b5
22. Bc2 b4 23. Bxe4 bxc3 24. Bxh7+ Kxh7 25. Qc2+ Kg8 26. bxc3 Qa3 27. Rab1 a5 28.
g3 Qd6 29. Kg2 Rb6 30. Rxb6 Qxb6 31. Rb1 Qd6 32. Qa4 Qa6 33. Qb5 Qxb5 34. Rxb5 Ra8
35. a4 g6 36. Kf3 Kg7 37. e4 dxe4+ 38. Kxe4 Kf6 39. f4 Ra6 40. d5 Ke7 41. Kd4 Kd6
42. dxe6 Kxe6 43. Kxc4 Rc6+ 44. Rc5 Ra6 45. Kb5 Ra8 46. Kb6 Rb8+ 47. Kxa5 Rb1 48.
Rb5 Ra1 49. Kb4 Rb1+ 50. Kc5 Rc1 51. c4 Ra1 52. a5 Kf5 53. Kb6+ Kg4 54. a6 Kh3 55.
a7 Kxh2 56. Kb7 Kxg3 57. a8=Q Rxa8 58. Kxa8 Kxf4 59. c5 g5 60. c6 g4 61. c7 g3 62.
c8=Q g2 63. Qf5+ Kg3 64. Rb3+ Kh2 65. Qf2 f6 66. Rb2 Kh3 67. Qxg2+ Kh4 68. Qe4+ Kh5
69. Rg2 f5 70. Qxf5+  1-0